000 00304nam a2200133Ia 4500
008 231129s1979||||xx |||||||||||||| ||spa||
040 _bspa
082 _a370.19 D947e
100 _aDurkheim Emilio
245 0 _aEducación y sociologí­a
260 _c1979
264 _aLinotipo
942 _2ddc
_cBKS
999 _c10018
_d10018